Chemical engineering kinetics (Record no. 6589)

000 -LEADER
fixed length control field 00510nam a2200193 4500
001 - CONTROL NUMBER
control field 6589
003 - CONTROL NUMBER IDENTIFIER
control field BD-DhUET
008 - FIXED-LENGTH DATA ELEMENTS--GENERAL INFORMATION
fixed length control field 700825s1970 nyua b 001 0 eng
040 ## - CATALOGING SOURCE
Transcribing agency 0
Modifying agency BD-DhUET
Original cataloging agency DLC
082 00 - DEWEY DECIMAL CLASSIFICATION NUMBER
Classification number 541.39
Item number SMI/1970
100 ## - MAIN ENTRY--PERSONAL NAME
Personal name Smith, J. M.
245 10 - TITLE STATEMENT
Title Chemical engineering kinetics
250 ## - EDITION STATEMENT
Edition statement 2nd ed.
260 ## - PUBLICATION, DISTRIBUTION, ETC. (IMPRINT)
Place of publication, distribution, etc. New York
Name of publisher, distributor, etc. McGraw-Hill
Date of publication, distribution, etc. 1970
300 ## - PHYSICAL DESCRIPTION
Extent xviii, 612p.
Other physical details ill.
490 0# - SERIES STATEMENT
Series statement McGraw-Hill chemical engineering series
650 #0 - SUBJECT ADDED ENTRY--TOPICAL TERM
Topical term or geographic name as entry element Kinetics : Physical chemistry
942 ## - ADDED ENTRY ELEMENTS (KOHA)
Koha item type General Book
Holdings
Location (home branch) Not for loan Date acquired Shelving location Source of classification or shelving scheme Price effective from Piece designation (barcode) Damaged status Copy number Sublocation or collection (holding branch) Koha normalized classification for sorting Lost status Koha date last seen Koha full call number Koha item type Withdrawn status
Central Library, BUET 2014-12-04Circulation section 2014-12-0484576 1Central Library, BUET541_390000000000000_SMI_1970 2014-12-04541.39/SMI/1970General Book 
Central Library, BUET 2014-12-12Circulation section 2014-12-1229865 2Central Library, BUET541_390000000000000_SMI_1970 2014-12-12541.39/SMI/1970General Book 
Central Library, BUET 2014-12-12Circulation section 2014-12-1229867 3Central Library, BUET541_390000000000000_SMI_1970 2014-12-12541.39/SMI/1970General Book 
Central Library, BUET 2014-12-12Circulation section 2014-12-1229863 4Central Library, BUET541_390000000000000_SMI_1970 2014-12-12541.39/SMI/1970General Book 
Central Library, BUET 2015-03-11Circulation section 2015-03-1129871 5Central Library, BUET541_390000000000000_SMI_1970 2015-03-11541.39/SMI/1970General Book 
Central Library, BUET 2015-03-14Circulation section 2015-03-1429868 6Central Library, BUET541_390000000000000_SMI_1970 2015-03-14541.39/SMI/1970General Book 
Central Library, BUET 2015-03-14Circulation section 2015-03-1437045 7Central Library, BUET541_390000000000000_SMI_1970 2015-03-14541.39/SMI/1970General Book 
Central Library, BUET 2015-04-23Circulation section 2015-04-2329869 8Central Library, BUET541_390000000000000_SMI_1970 2015-04-23541.39/SMI/1970General Book 
Central Library, BUET 2015-04-23Circulation section 2015-04-2329859 9Central Library, BUET541_390000000000000_SMI_1970 2015-04-23541.39/SMI/1970General Book 
Central Library, BUET 2015-04-26Circulation section 2015-04-2629870 10Central Library, BUET541_390000000000000_SMI_1970 2015-04-26541.39/SMI/1970General Book 
Central Library, BUET 2015-04-26Circulation section 2015-04-2629861 11Central Library, BUET541_390000000000000_SMI_1970 2015-04-26541.39/SMI/1970General Book 
Central Library, BUET 2015-04-27Circulation section 2015-04-2725967 12Central Library, BUET541_390000000000000_SMI_1970 2015-04-27541.39/SMI/1970General Book 
Central Library, BUET 2015-04-27Circulation section 2015-04-2729860 13Central Library, BUET541_390000000000000_SMI_1970 2015-04-27541.39/SMI/1970General Book 
Central Library, BUET 2015-06-08Reading section 2015-06-0829862 14Central Library, BUET541_390000000000000_SMI_1970 2015-06-08541.39/SMI/1970Reading Item 
Central Library, BUET 2015-06-08Reading section 2015-06-0829866 15Central Library, BUET541_390000000000000_SMI_1970 2015-06-08541.39/SMI/1970Reading Item 
Central Library, BUET 2015-06-08Reading section 2015-06-0829872 16Central Library, BUET541_390000000000000_SMI_1970 2015-06-08541.39/SMI/1970Reading Item 
Central Library, BUET 2015-06-08Reading section 2015-06-0829864 17Central Library, BUET541_390000000000000_SMI_1970 2015-06-08541.39/SMI/1970Reading Item